000 00647nam a22002297a 4500
003 UA-OsUOA
001 99795
007 ta
008 20130516b un ||||| |||| 00| 0 ukr d
100 _aСтефанович Ю.
090 _a821.161.1
_bС79
942 _cBK
040 _aUA-OsUOA
_bukr
_cUA-OsUOA
_dUA-OsUOA
245 _aНатуральна школа
_bповесть и рассказы
300 _a282 с.
955 _a3
041 _aukr
080 _a821.161.1
260 _aМ.
_bСоветский писатель
_c1988
650 7 _a82 Література. Літературознавство
_2UDC
999 _c386037
_d386037